000
00274nam a22001217a 4500
082
_a
823
_b
DAV/F
100
_a
DAVIDSON, MARGRET
245
_a
FIVE TRUE DOG STORIES
260
_a
NEW YORK
_b
SCHOLASTIC INC
_c
1977
300
_a
47
650
_a
ENGLISH STORY
_z
INDIA
942
_c
BK
999
_c
7410
_d
7410